000 00695cam a2200253 4500
001 J2832
008 090401t1995 xxu||||| |||| 00| 0 eng d
035 _a(Sirsi) u51379
041 _aeng
050 _a333.33709421
110 _aWeatherall Green and Smith
_92055
245 _aLondon offices. - Volume 3 no. 1 (Winter 1994) - Volume 3 no. 4 (Autumn 1995)
260 _aLondon
_bWeatherall Green and Smith
_c1995
300 _a4 pt. ; 30cm.
350 _a0
650 _aCITY OF LONDON
650 _aDOCKLANDS
650 _aFLOORSPACE STATISTICS
650 _aRENT
650 _aWEST END OF LONDON
690 _aPROPERTY-COMMERCIAL PROPERTY
942 _n0
948 _c04/03/1997
999 _c92886
_d92886